|
|
|
|
| LEADER |
00000nta a2200000 i 4500 |
| 001 |
dolg43740 |
| 005 |
20230323153017.0 |
| 008 |
230323suuuu hu o 000 hun d |
| 040 |
|
|
|a BGE Dolgozattár Repozitórium
|b hun
|
| 041 |
|
|
|a hu
|
| 100 |
1 |
|
|a Kovács Emese Kitti
|
| 245 |
1 |
0 |
|a Marketing a kriptovaluta világában
|c Kovács Emese Kitti
|h [elektronikus dokumentum]
|
| 516 |
|
|
|a Students_Scientific_Association_paper
|
| 520 |
3 |
|
|a A TDK dolgozatunk témája a marketing a kriptovaluták világában, a kutatásunkban pedig felmértük ezzel kapcsolatosan, melyik csatorna a legmegfelelőbb a hirdetésére, milyen arányokban ismerik az említett digitális valutákat.A bevezető fejezetben meghatároztuk miért ezt a témát választottuk, mi a dologaztunk célja. Valamint megfogalmaztuk mi is a kriptomarketing.A dolgozat második fejezetében, azaz a szakirodalmi részben, először elmondtuk a milyen információkat fogunk megosztani a kriptoval kapcsolatban. Majd ez a bemutatás el is kezdődött magával a kifejezéssel, mint kriptovaluta. Majd említést tettünk a Bitcoinról és hogy milyen blokklánc technológia alapján működik. Ezután elmondtuk mit is jelent az altcoin továbbá stabilcoin. Ezek után rátértünk magára a marketing irányra. Ismertettük miért van szükség a marketingre a kriptovalutáknak, miért fontos eleme a marketingtervnek. Majd felsoroltunk a kriptomarketing stratégiák között kihagyhatatlan elemeket. Végül ezek az elemek közül egyet tüzetesebben leírtunk. A harmadik fejezet tartalmazza az anyag és módszer áttekintését. Leírjuk milyen megkérdezési formát választottunk és miként használtuk azt. Az primer kutatásunk eredményeit a negyedik fejezetben találjuk, itt ismertetjük őket. Kutatásunkban a magyar emberek tudását mértük fel a témával kapcsolatban, ezekre teljeskörűen választ kaphattunk.
|
| 695 |
|
|
|a kriptopénz
|
| 695 |
|
|
|a marketing
|
| 700 |
1 |
|
|a Oravecz Titanilla Éva
|e ths
|
| 856 |
4 |
0 |
|u http://dolgozattar.uni-bge.hu/43740/1/TDK.pdf
|z Dokumentum-elérés
|
| 856 |
4 |
0 |
|u http://dolgozattar.uni-bge.hu/43740/2/Kova%CC%81cs_Emese_Gergely_Bence_%20KKK.docx.pdf
|z Dokumentum-elérés
|
| 856 |
4 |
0 |
|u http://dolgozattar.uni-bge.hu/43740/3/Kov%C3%A1cs_Gergely%20TDK_Dolgozat_biralat_2022%20%281%29.pdf
|z Dokumentum-elérés
|